Les Pokemon de la 7G dans l'ordre alphabétique - Statistiques

Statistiques générales
  • Ce quiz a été pris 35 fois
  • Le résultat moyen est 77 sur 88
Statistiques - réponses
Type de quiz Nom % Correct
Plante/Spectre Archéduc
100%
Feu/Ténèbres Félinferno
100%
Feu Flamiaou
100%
Feu Matoufeu
100%
Roche/Acier Ama-Ama
93%
Eau/Insecte Araqua
93%
Normal Argouste
93%
Acier/Vol Bamboiselle
93%
Normal/Vol Bazoucan
93%
Dragon Bébécaille
93%
Insecte/Fée Bombydou
93%
Feu/Dragon Boumata
93%
Sol Bourrinos
93%
Plante/Vol Brindibou
93%
Électrik Câblifère
93%
Plante Candine
93%
Insecte/Électrik Chrysapile
93%
Combat Crabagarre
93%
Combat/Glace Crabominable
93%
Plante Croquine
93%
Normal/Dragon Draïeul
93%
Dragon/Combat Écaid
93%
Plante/Vol Efflèche
93%
Dragon/Combat Ékaïser
93%
Insecte Larvibule
93%
Roche Lougaroc
93%
Insecte/Électrik Lucanon
93%
Poison/Feu Malamandre
93%
Normal Manglouton
93%
Insecte/Combat Mouscoto
93%
Eau/Fée Oratoria
93%
Eau Otaquin
93%
Eau Otarlette
93%
Normal/Vol Picassaut
93%
Normal/Vol Piclairon
93%
Feu/Spectre Pierroteknik
93%
Roche Rocabot
93%
Insecte/Fée Rubombelle
93%
Psy/Acier Solgaleo
93%
Plante Sucreine
93%
Eau/Insecte Tarenbulle
93%
Sol Tiboudet
93%
Poison/Feu Tritox
93%
Roche/Poison Zéroïd
93%
Spectre/Sol Bacabouh
86%
Insecte/Combat Cancrelove
86%
Normal/Combat Chelours
86%
Psy Cosmog
86%
Psy Cosmovum
86%
Eau/Psy Denticrisse
86%
Ténèbres/Dragon Engloutyran
86%
Eau Froussardine
86%
Normal/Psy Gouroutan
86%
Fée Guérilande
86%
Plante/Acier Katagami
86%
Psy/Spectre Lunala
86%
Poison/Dragon Mandrillon
86%
Acier Melmetal
86%
Acier Meltan
86%
Roche/Vol Météno
86%
Spectre/Fée Mimiqui
86%
Normal/Combat Nounourson
86%
Insecte/Eau Sarmuraï
86%
Spectre/Plante Sinistrail
86%
Insecte/Eau Sovkipou
86%
Électrik/Acier Togedemaru
86%
Eau/Fée Tokopisco
86%
Psy/Fée Tokopiyon
86%
Électrik/Fée Tokorico
86%
Plante/Fée Tokotoro
86%
Spectre/Sol Trépassable
86%
Poison Vémini
86%
Plante Floramantis
79%
Plante/Fée Lampignon
79%
Acier/Fée Magearna
79%
Combat/Spectre Marshadow
79%
Plante Mimantis
79%
Poison/Eau Prédastérie
79%
Combat Quartermac
79%
Plante/Fée Spododo
79%
Poison/Eau Vorastérie
79%
Eau Concombaffe
71%
Normal Dodoala
71%
Vol Plumeline
71%
Normal Type:0
71%
Psy Necrozma
64%
Normal Silvallié
64%
Électrik Zeraora
64%
Aucun quiz correspondant
Distribution des résultats
% des personnes avec chaque résultat
Percentile par nombre de réponses
Votre historique - résultats
Vous n’avez pas pris ce quiz